All about Forex trading / (Record no. 18639)
[ view plain ]
| 000 -LEADER | |
|---|---|
| fixed length control field | 01590cam a22003495a 4500 |
| 001 - CONTROL NUMBER | |
| control field | 16916300 |
| 005 - DATE AND TIME OF LATEST TRANSACTION | |
| control field | 20141118102920.0 |
| 008 - FIXED-LENGTH DATA ELEMENTS--GENERAL INFORMATION | |
| fixed length control field | 110812t2011 xxuda fr 001 0 eng d |
| 010 ## - LIBRARY OF CONGRESS CONTROL NUMBER | |
| LC control number | 2011283439 |
| 020 ## - INTERNATIONAL STANDARD BOOK NUMBER | |
| International Standard Book Number | 9780071768221 (pbk.) |
| 020 ## - INTERNATIONAL STANDARD BOOK NUMBER | |
| Cancelled/invalid ISBN | 007176822X (pbk.) |
| 040 ## - CATALOGING SOURCE | |
| Original cataloging agency | BTCTA |
| Language of cataloging | eng |
| Transcribing agency | BTCTA |
| Modifying agency | YDXCP |
| -- | ORX |
| -- | BWX |
| -- | DLC |
| -- | EG-ScBUE |
| 082 00 - DEWEY DECIMAL CLASSIFICATION NUMBER | |
| Classification number | 332.45 |
| Edition number | 22 |
| Item number | JAG |
| 100 1# - MAIN ENTRY--PERSONAL NAME | |
| Personal name | Jagerson, John |
| 9 (RLIN) | 36573 |
| 245 10 - TITLE STATEMENT | |
| Title | All about Forex trading / |
| Statement of responsibility, etc | John Jagerson, S. Wade Hansen. |
| 246 34 - VARYING FORM OF TITLE | |
| Title proper/short title | All about Forex trading : |
| Remainder of title | the easy way to get started |
| 246 30 - VARYING FORM OF TITLE | |
| Title proper/short title | Forex trading |
| 260 ## - PUBLICATION, DISTRIBUTION, ETC. (IMPRINT) | |
| Place of publication, distribution, etc | New York, United States : |
| Name of publisher, distributor, etc | McGraw-Hill, |
| Date of publication, distribution, etc | c.2011. |
| 300 ## - PHYSICAL DESCRIPTION | |
| Extent | viii, 340 p. : |
| Other physical details | charts, tables ; |
| Dimensions | 23 cm. |
| 490 1# - Series Statement | |
| Series statement | All About finance series |
| 500 ## - GENERAL NOTE | |
| General note | Index : p. 327-340. |
| 500 ## - GENERAL NOTE | |
| General note | Subtitle from cover. |
| 505 0# - FORMATTED CONTENTS NOTE | |
| Formatted contents note | Forex basics-What drives currency prices-Who drives currency prices-Getting to know the currencies : 12 key questions to ask -Currencies of the Americas-Currencies of Western Europe-Currencies of Asia-Currencies of Oceania and Africa-Currencies of Eastern Europe-Navigating the economic calendar-Indicators that Forex traders watch-Investment vehicles for trading Forex-Effective technical analysis techniques-Getting started as a Forex trader. |
| 650 #0 - SUBJECT ADDED ENTRY--TOPICAL TERM | |
| Topical term or geographic name as entry element | Foreign exchange market |
| 9 (RLIN) | 34056 |
| 650 #0 - SUBJECT ADDED ENTRY--TOPICAL TERM | |
| Topical term or geographic name as entry element | Foreign exchange futures |
| 9 (RLIN) | 36574 |
| 650 #0 - SUBJECT ADDED ENTRY--TOPICAL TERM | |
| Topical term or geographic name as entry element | Foreign exchange |
| 9 (RLIN) | 30804 |
| 653 ## - INDEX TERM--UNCONTROLLED | |
| Resource For college | BAEPS, Business Administration |
| Arrived date list | November2014 |
| 655 ## - INDEX TERM--GENRE/FORM | |
| Form subdivision | |
| -- | 34232 |
| 700 1# - ADDED ENTRY--PERSONAL NAME | |
| Personal name | Hansen, S. Wade |
| 9 (RLIN) | 36575 |
| 830 #0 - SERIES ADDED ENTRY--UNIFORM TITLE | |
| Uniform title | "All about--" finance series. |
| 942 ## - ADDED ENTRY ELEMENTS (KOHA) | |
| Source of classification or shelving scheme | Dewey Decimal Classification |
| Call number prefix | 332.45 JAG |
| Withdrawn status | Item status | Source of classification or shelving scheme | Damaged status | Not for loan | Vendor | Home library | Current library | Shelving location | Date acquired | Source of acquisition | Cost, normal purchase price | Serial Enumeration / chronology | Total Checkouts | Full call number | Barcode | Date last seen | Cost, replacement price | Koha item type |
|---|---|---|---|---|---|---|---|---|---|---|---|---|---|---|---|---|---|---|
| Dewey Decimal Classification | Baccah | Central Library | Central Library | First floor | 18/11/2014 | 126.00 | 20677 | 332.45 JAG | 000037022 | 15/07/2025 | 157.50 | Book - Borrowing |